| 000 | 00389nam a2200145 a 4500 | ||
|---|---|---|---|
| 005 | 20140414093842.0 | ||
| 008 | 081125s19uu xx 00 eng d | ||
| 050 |
_aVCD 641.4 _bT22 |
||
| 100 | _aTechnical Vocational | ||
| 245 |
_aQuality and cost control / _cTechnical Vocational. |
||
| 260 |
_aQuezon City : _bFelta. |
||
| 650 |
_aFood _xPreservation |
||
| 942 | _cAVM | ||
| 999 |
_c109339 _d109339 |
||